Optimización de camaras de refrigeración

Đã lưu trong:
Chi tiết về thư mục
Tác giả chính: Saa Merlo, Edwin
Định dạng: Không biết
Được phát hành: [San José, Costa Rica] 1979
Những chủ đề:
Các nhãn: Thêm thẻ
Không có thẻ, Là người đầu tiên thẻ bản ghi này!

MARC

LEADER 00000 a2200000 4500
003 000915
005 20221231143735.0
008 140114s1979 c a m 000 ||s d
040 |c cru CEDI 
090 |a TFG 810 
100 |a Saa Merlo, Edwin  |9 16235 
245 |a Optimización de camaras de refrigeración 
260 |c 1979  |a [San José, Costa Rica] 
300 |a  x, 158 hojas : ilustraciones ; 27 cm  
500 |a  Tesis (ingeniero quimico)--Universidad de Costa Rica.  
650 |x FRIGORIFICOS - COSTA RICA  |9 13480 
942 |c TFG 
999 |c 11103  |d 11103